| Record ID | ia:tinamodotti0000modo |
| Source | Internet Archive |
| Download MARC XML | https://archive.org/download/tinamodotti0000modo/tinamodotti0000modo_marc.xml |
| Download MARC binary | https://www.archive.org/download/tinamodotti0000modo/tinamodotti0000modo_meta.mrc |
LEADER: 00975cam a2200313 a 4500
001 98086910
003 DLC
005 20050106111743.0
008 980713s1999 nyu b 000 0 eng d
010 $a 98086910
015 $aGB99-Y9658
020 $a0893818232
035 $a(OCoLC)ocm40839447
040 $aUKM$cUKM$dCUS$dDLC
042 $alccopycat
043 $an-mx---
050 00 $aTR653$b.M625 1999
082 00 $a779/.092$221
100 1 $aModotti, Tina,$d1896-1942.
245 10 $aTina Modotti /$cwith an essay by Margaret Hooks.
260 $aNew York :$bAperture,$c1999.
300 $a95 p. :$bchiefly ill. ;$c21 cm.
440 0 $aAperture masters of photography
504 $aIncludes bibliographical references (p. 94).
600 10 $aModotti, Tina,$d1896-1942.
650 0 $aPhotography, Artistic.
650 0 $aPhotography$zMexico.
700 1 $aHooks, Margaret.
856 42 $3Publisher description$uhttp://www.loc.gov/catdir/description/hol056/98086910.html